书目信息 |
| 题名: |
空间微生物学基础与应用研究
|
|
| 作者: | 刘长庭 , 常德 主编 | |
| 分册: | ||
| 出版信息: | 北京 北京大学医学出版社 2016 |
|
| 页数: | 278页 | |
| 开本: | 28cm | |
| 丛书名: | ||
| 单 册: | ||
| 中图分类: | X172 | |
| 科图分类: | ||
| 主题词: | 环境微生物学--huan jing wei sheng wu xue--研究 | |
| 电子资源: | ||
| ISBN: | 978-7-5659-1409-6 | |
| 000 | 01102nam0 22002531 450 | |
| 001 | 0115101300 | |
| 005 | 20170415101300.0 | |
| 010 | @a978-7-5659-1409-6@b精装@dCNY128.00 | |
| 100 | @a20161116d2016 em y0chiy50 ea | |
| 101 | 0 | @achi |
| 102 | @aCN@b110000 | |
| 105 | @aa z 001yy | |
| 106 | @ar | |
| 200 | 1 | @a空间微生物学基础与应用研究@Akong jian wei sheng wu xue ji chu yu ying yong yan jiu@dSpace microbiology basic research and application@f刘长庭,常德主编@zeng |
| 210 | @a北京@c北京大学医学出版社@d2016 | |
| 215 | @a278页@c图@d28cm | |
| 330 | @a本书分绪论、空间病原微生物学、空间腐蚀微生物学、空间制药微生物学和展望五篇。内容包括:空间环境简介;空间病原微生物学研究概况;空间环境对肺炎克雷伯菌的影响;空间微生物腐蚀研究概况;空间微生物腐蚀的研究现状及进展;未来的空间微生物学发展等。 | |
| 510 | 1 | @aSpace microbiology basic research and application@zeng |
| 606 | 0 | @a环境微生物学@Ahuan jing wei sheng wu xue@x研究 |
| 690 | @aX172@v5 | |
| 701 | 0 | @a刘长庭@Aliu chang ting@4主编 |
| 701 | 0 | @a常德@Achang de@4主编 |
| 801 | 0 | @aCN@bTANGWEI@c20170308 |
| 905 | @b0966045-6@dX172@e223@f2 | |
| 空间微生物学基础与应用研究=Space microbiology basic research and application/刘长庭,常德主编.-北京:北京大学医学出版社,2016 |
| 278页:图;28cm |
| ISBN 978-7-5659-1409-6(精装):CNY128.00 |
| 本书分绪论、空间病原微生物学、空间腐蚀微生物学、空间制药微生物学和展望五篇。内容包括:空间环境简介;空间病原微生物学研究概况;空间环境对肺炎克雷伯菌的影响;空间微生物腐蚀研究概况;空间微生物腐蚀的研究现状及进展;未来的空间微生物学发展等。 |
| ● |
| 相关链接 |
|
|
|
|
正题名:空间微生物学基础与应用研究
索取号:X172/223
 
预约/预借
| 序号 | 登录号 | 条形码 | 馆藏地/架位号 | 状态 | 备注 |
| 1 | 0966045 | 209660455 | 第二样本阅览室/ [索取号:X172/223] | 在馆 | |
| 2 | 0966046 | 209660464 | 第三借阅区/ [索取号:X172/223] | 在馆 |